| 000 | 00866nam2a22002291 4500 | ||
|---|---|---|---|
| 001 | v19\rc\2048338 | ||
| 005 | 20250620021614.0 | ||
| 035 | _a(NLR Aleph) 005127186 | ||
| 090 |
_a7643447 _c7643447 |
||
| 100 | _a20081111d1912 |||y0rusy50 ca | ||
| 101 | 0 | _arus | |
| 102 | _aRU | ||
| 105 | _ay z ||||| | ||
| 200 | 1 | _aБеседа в день Рождества Христова | |
| 210 |
_dценз. 1912 _aБ. м. |
||
| 215 | _a8, 8 с. | ||
| 461 | 0 |
_1001v19\rc\2048276 _12001#$aПриложение к листкам ХРБ$v№ 74 _97643076 _aКишиневское православное Христо-Рождественское братство _cКишинев _dц1906-ц1916-1915 _tПриложение к листкам ХРБ _v№ 74 |
|
| 801 | 0 |
_aRU _bNLR _gpsbo |
|
| 801 | 1 |
_aRU _bProSoft-M _2rusmarc |
|
| 852 |
_aNLR _j20.109.9.25 |
||
| 942 | _cBOOK | ||
| 980 | _aNB | ||